000 00892cam a2200301 4500
001 22736
005 20230410103923.0
008 060907n2004 ag spa
035 _9funglode22900
041 _aES
035 _a(OCoLC)ocm63205571
040 _aUNAMX
_bspa
_cUNAMX
_dXVF
020 _a9875072605
020 _a9789875072602
035 _a(OCoLC)63205571
050 1 4 _a439 DS 62.4
_bL262m 2004
049 _aGRAL
100 1 _aLandro, Fernando.
245 1 0 _aMedio Oriente :
_bhistoria, política y cultura /
_cFernando Landro.
260 _aBuenos Aires :
_bCiudad Argentina,
_c2004.
300 _a583 p. :
_bil.
651 4 _aOriente (Cercano Oriente)
_xHistoria.
651 4 _aOriente (Cercano Oriente)
_xPolítica y gobierno.
650 0 _aMiddle East
_xHistory.
650 0 _aMiddle East
_xPolitics and government.
942 _2lcc
_cbk
994 _aC0
_bDRFGD
999 _c28472
_d28472